Szczegóły MARC21

Kompakt-Training Unthernehmensfűhrung

005 -DATA I CZAS OSTATNIEJ MODYFIKACJI [,]
    • @
    • pole kontrolne
    • 20061115090757.0
020 -Międzynarod. znormalizowany nr książki - ISBN [ , ]
    • a
    • Numer ISBN
    • 3470497338 Find
040 -Instytucja sporządzająca opis [ , ]
    • a
    • Instytucja, która sporządziła opis (NP)
    • SZCZ U /IJ
    • c
    • Instytucja, która sporządziła rekord (NP)
    • SZCZ U/JŚ
041 -Język dokumentu [0, ]
    • a
    • Język tekstu (P)
    • niemiecki
044 -Kraj miejsca wydania [ , ]
    • a
    • Kraj miejsca wydania
    • Niemcy
942 -Rodzaj dokumentu [ , ]
    • c
    • Rodzaj dokumentu
    • Książka
100 -Hasło główne - nazwa osobowa [1, ]
    • a
    • Nazwa osobowa (NP)
    • OLFERT, KLAUS
245 -Strefa tytułu i oznaczenia odpowiedzialności [1,0]
    • a
    • Tytuł
    • Kompakt-Training Unthernehmensfűhrung Find
    • c
    • Pozostałe elementy strefy tytułu i oznaczenia odpowiedzialności (NP)
    • von Klaus Olfert, Helmut Pischulti. -
250 -Strefa wydania [ , ]
    • a
    • Oznaczenie wydania (NP)
    • 3.,űberarb. Aufl.
260 -Strefa adresu wydawniczego [ , ]
    • a
    • Miejsce wydania (P)
    • Ludwigshafen :
    • b
    • Nazwa wydawcy (P)
    • Friedrich Kiehl,
    • c
    • Data wydania (P)
    • 2004. -
300 -Strefa opisu fizycznego [ , ]
    • a
    • Określenie formy książki i/lub objętość (NP)
    • 298 s. :
    • b
    • Oznaczenie ilustracji (NP)
    • il. ;
    • c
    • Format (NP)
    • 23 cm.
440 -Strefa serii i książki wielotomowej - forma do wyszukiwania [ ,0]
    • a
    • Tytuł (NP)
    • Kompakt-Training Praktische Betriebswirtschaft Find
500 -Uwaga ogólna [ , ]
    • a
    • Uwaga ogólna (NP)
    • Bibliogr. Ind.
080 -Uniwersalna Klasyfikacja Dziesiętna [ , ]
    • 2
    • Identyfikator wydania tablic
    • UDC-P022
    • a
    • Symbol klasyfikacji
    • 65.01
    • b
    • Dopowiedzenie
    • Teoria i praktyka organizacji i zarządzania.
    • b
    • Dopowiedzenie
    • =język niemiecki
    • x
    • Poddział wspólny
    • =112.2
080 -Uniwersalna Klasyfikacja Dziesiętna [ , ]
    • 2
    • Identyfikator wydania tablic
    • UDC-P022
    • a
    • Symbol klasyfikacji
    • 65.011.56
    • b
    • Dopowiedzenie
    • Automatyzacja pracy.
    • b
    • Dopowiedzenie
    • =język niemiecki
    • x
    • Poddział wspólny
    • =112.2
080 -Uniwersalna Klasyfikacja Dziesiętna [ , ]
    • 2
    • Identyfikator wydania tablic
    • UDC-P022
    • a
    • Symbol klasyfikacji
    • 004.03
    • b
    • Dopowiedzenie
    • Typy systemów.
    • b
    • Dopowiedzenie
    • =język niemiecki
    • x
    • Poddział wspólny
    • =112.2
080 -Uniwersalna Klasyfikacja Dziesiętna [ , ]
    • 2
    • Identyfikator wydania tablic
    • UDC-P022
    • a
    • Symbol klasyfikacji
    • 330.47
    • b
    • Dopowiedzenie
    • Informatyka ekonomiczna.
    • b
    • Dopowiedzenie
    • =język niemiecki
    • x
    • Poddział wspólny
    • =112.2
980 -Symbol UKD [ , ]
    • a
    • UKD
    • 65.01:65.011.56:004.03:330.47]=112.2
700 -Hasło dodatkowe - nazwa osobowa [1, ]
    • a
    • Nazwa osobowa (NP)
    • Pischulti, Helmut. Find
920 -ISBN [ , ]
    • a
    • ISBN
    • 3-470-49733-8 Find
Numer inwentarzowy Sygnatura Status udost. Data inwentaryzacji Lokalizacja
S.92511FUNDACJA POLSKO-NIEMIECKA-22006-11-03BE